សូភីទៅផ្សារ / (Record no. 4545)

MARC details
000 -LEADER
fixed length control field 01495nam a22003017a 4500
001 - CONTROL NUMBER
control field 4545
003 - CONTROL NUMBER IDENTIFIER
control field FISKH
005 - DATE AND TIME OF LATEST TRANSACTION
control field 20260323121812.0
008 - FIXED-LENGTH DATA ELEMENTS--GENERAL INFORMATION
fixed length control field 240913b cb ||||| |||| 00| 0 eng d
040 ## - CATALOGING SOURCE
Original cataloging agency FISKH
Language of cataloging eng
Transcribing agency FISKH
Modifying agency FISKH
050 ## - LIBRARY OF CONGRESS CALL NUMBER
Classification number PZ7
082 ## - DEWEY DECIMAL CLASSIFICATION NUMBER
Classification number 570
100 ## - MAIN ENTRY--PERSONAL NAME
Personal name Reaksmey, Am
245 ## - TITLE STATEMENT
Title សូភីទៅផ្សារ /
Statement of responsibility, etc. អាំ រស្មី
250 ## - EDITION STATEMENT
Edition statement បោះពុម្ពលើកទី១ ខែមិថុនា ឆ្នាំ២០០៨
260 ## - PUBLICATION, DISTRIBUTION, ETC.
Place of publication, distribution, etc. ភ្នំពេញ :
Name of publisher, distributor, etc. កិច្ចសហប្រតិបត្តិការអភិវឌ្ឍន៍ប៊ែលហ្ស៊ិក ;
Date of publication, distribution, etc. ២០០៨ .
300 ## - PHYSICAL DESCRIPTION
Extent 8 pages :
Other physical details color illustrations ;
Dimensions 25 cm .
500 ## - GENERAL NOTE
General note D
505 ## - FORMATTED CONTENTS NOTE
Formatted contents note D <br/>
520 ## - SUMMARY, ETC.
Summary, etc. សុភីចង់ទិញសៀវភៅ ទើបនាងដើរទិញឥវ៉ាន់។ ម្តាយ និង​អ្នក​ជិត​ខាង​បាន​សុំ​ឱ្យ​នាង​ទិញ​របស់​មួយ​ឱ្យ​ពួក​គេ ។ តើនាងភ្លេចទិញអ្វី?
520 ## - SUMMARY, ETC.
Summary, etc. Sophy wanted to buy a book, so she went shopping. Her mother and neighbours asked her to buy something for them. What did she forget to buy?
521 8# - TARGET AUDIENCE NOTE
Target audience note 160 <br/>
Source Lexile estimate <br/>
521 8# - TARGET AUDIENCE NOTE
Target audience note D <br/>
Source Raz-Plus <br/>
650 ## - SUBJECT ADDED ENTRY--TOPICAL TERM
Topical term or geographic name entry element សៀវភៅ
Form subdivision រឿងមិនពិត
650 ## - SUBJECT ADDED ENTRY--TOPICAL TERM
Topical term or geographic name entry element books
Form subdivision fiction
942 ## - ADDED ENTRY ELEMENTS (KOHA)
Source of classification or shelving scheme Dewey Decimal Classification
Koha item type Khmer Books
Suppress in OPAC No
Holdings
Withdrawn status Lost status Source of classification or shelving scheme Damaged status Not for loan Collection Home library Current library Shelving location Date acquired Total Checkouts Full call number Barcode Date last seen Date last checked out Copy number Price effective from Koha item type
    Dewey Decimal Classification     Khmer Language Books / សៀវភៅភាសាខ្មែរ Footprints International School Library Network Toul Tom Poung Campus Footprints International School Library Network Toul Tom Poung Campus TTP Primary Khmer Bookshelves 09/13/2024 1 REA PZ7 570 FIS03521 10/28/2025 10/22/2025 1 09/13/2024 Books
    Dewey Decimal Classification     Khmer Language Books / សៀវភៅភាសាខ្មែរ Footprints International School Library Network Toul Tom Poung Campus Footprints International School Library Network Toul Tom Poung Campus TTP Primary Khmer Bookshelves 10/07/2025   REA PZ7 570 FISBK03514 10/07/2025   2 10/07/2025 Books
    Dewey Decimal Classification     Khmer Language Books / សៀវភៅភាសាខ្មែរ Footprints International School Library Network Toul Tom Poung Campus Footprints International School Library Network Toul Tom Poung Campus TTP Primary Khmer Bookshelves 10/10/2025   REA PZ7 570 FISBK03497 10/10/2025   3 10/10/2025 Books
    Dewey Decimal Classification     Khmer Language Books / សៀវភៅភាសាខ្មែរ Footprints International School Library Network Toul Tom Poung Campus Footprints International School Library Network Toul Tom Poung Campus TTP Primary Khmer Bookshelves 10/10/2025   REA PZ7 570 FISBK03512 10/10/2025   4 10/10/2025 Books
    Dewey Decimal Classification     Khmer Language Books / សៀវភៅភាសាខ្មែរ Footprints International School Library Network Toul Tom Poung Campus Footprints International School Library Network Toul Tom Poung Campus TTP Primary Khmer Bookshelves 10/10/2025   REA PZ7 570 FISBK03520 10/10/2025   5 10/10/2025 Books
    Dewey Decimal Classification     Khmer Language Books / សៀវភៅភាសាខ្មែរ Footprints International School Library Network Toul Tom Poung Campus Footprints International School Library Network Toul Tom Poung Campus TTP Primary Khmer Bookshelves 10/10/2025   REA PZ7 570 FISBK03519 10/10/2025   6 10/10/2025 Books
    Dewey Decimal Classification     Khmer Language Books / សៀវភៅភាសាខ្មែរ Footprints International School Library Network Toul Tom Poung Campus Footprints International School Library Network Toul Tom Poung Campus TTP Primary Khmer Bookshelves 11/28/2025   REA PZ7 570 2025-4973 11/28/2025   7 11/28/2025 Books
    Dewey Decimal Classification     Khmer Language Books / សៀវភៅភាសាខ្មែរ Footprints International School Library Network Toul Tom Poung Campus Footprints International School Library Network Toul Tom Poung Campus TTP Primary Khmer Bookshelves 03/23/2026   REA PZ7 570 FISBK03515 03/23/2026   8 03/23/2026 Books
    Dewey Decimal Classification     Khmer Language Books / សៀវភៅភាសាខ្មែរ Footprints International School Library Network Toul Tom Poung Campus Footprints International School Library Network Toul Tom Poung Campus TTP Primary Khmer Bookshelves 03/23/2026   REA PZ7 570 FISBK03516 03/23/2026   9 03/23/2026 Books